000 01116nam0a2200325 i 4500
001 RU\NLR\BIBL_A\010877951
005 20241103132812.0
010 _a9785170914852
_92000
021 _aRU
_b2015-74776
_94507
035 _a(NILC)RuMoRGB-008029682
035 _a(NLR Aleph) 010877951
090 _a10490037
_c10490037
100 _a20151029d2015 u y0rusy50 ca
101 1 _arus
_cund
102 _aRU
105 _ay|||z||||00yy
200 1 _aСупертренинг по Джону Кехо и Джозефу Мэрфи
_eоткройте сверхвозможности вашего подсознания!
_fТим Гудмен
210 _aМосква
_cАСТ
_cПрайм
_d2015
215 _a256 с.
_d21
225 1 _aЖелание, исполнись!
333 _a12+
606 _aПсихоэнергетика
_jПопулярные издания
_92099156
_3RU\NLR\AUTH\661269768
675 _a159.9
686 1 _aЮ969я9
700 1 _aГудмен
_bТ.
_gТим
801 0 _aRU
_bРГБ
_c20150928
_gRCR
942 _cBOOK
980 _aNBR